Работа на IBM PC

Bibliographic Details
Main Author: Кенин А. М.
Other Authors: Печенкина Н. С.
Summary:Исключено из фонда НТБ ТПУ
Language:Russian
Published: Москва, Книга и бизнес, 1992
Format: Book
KOHA link:https://koha.lib.tpu.ru/cgi-bin/koha/opac-detail.pl?biblionumber=31760

MARC

LEADER 00000nam0a2200000 4500
001 31760
005 20231030204602.0
010 |a 5212007739 
035 |a (RuTPU)RU\TPU\book\32053 
035 |a BOOK00000008 
090 |a 31760 
100 |a 20011210d1992 km y0rusy50 ca 
101 0 |a rus 
102 |a RU 
105 |a a z 000zy 
200 1 |a Работа на IBM PC  |f А. М. Кенин, Н. С. Печенкина 
210 |a Москва  |c Книга и бизнес  |d 1992 
215 |a 359 с.  |c ил. 
333 |a Исключено из фонда НТБ ТПУ 
700 1 |a Кенин  |b А. М. 
701 1 |a Печенкина  |b Н. С. 
801 0 |a RU  |b 63413507  |c 20011210  |g PSBO 
801 2 |a RU  |b 63413507  |c 20170529  |g PSBO 
942 |c BK